Welcome to CU Library Online Public Access Catalogue (OPAC)

Understanding genetics / (Record no. 2118)

MARC details
000 -LEADER
fixed length control field 00772pam a2200229 a 4500
001 - CONTROL NUMBER
control field 2894260
005 - DATE AND TIME OF LATEST TRANSACTION
control field 20241212143445.0
008 - FIXED-LENGTH DATA ELEMENTS--GENERAL INFORMATION
fixed length control field 870316s1988 nyua b 001 0 eng c
020 ## - INTERNATIONAL STANDARD BOOK NUMBER
International Standard Book Number 0195051084 :
Terms of availability $39.95
050 00 - LIBRARY OF CONGRESS CALL NUMBER
Classification number QH430
Item number .R67 1988
082 00 - DEWEY DECIMAL CLASSIFICATION NUMBER
Classification number 575.1
Edition information 19
100 1# - MAIN ENTRY--PERSONAL NAME
Personal name Rothwell, Norman V.
245 10 - TITLE STATEMENT
Title Understanding genetics /
Statement of responsibility, etc. Norman V. Rothwell.
250 ## - EDITION STATEMENT
Edition statement 4th ed.
260 ## - PUBLICATION, DISTRIBUTION, ETC.
Place of publication, distribution, etc. New York :
Name of publisher, distributor, etc. Oxford University Press,
Date of publication, distribution, etc. 1988.
300 ## - PHYSICAL DESCRIPTION
Extent xvii, 703 p. :
Other physical details ill. ;
Dimensions 26 cm.
650 #0 - SUBJECT ADDED ENTRY--TOPICAL TERM
Topical term or geographic name entry element Genetics.
650 #2 - SUBJECT ADDED ENTRY--TOPICAL TERM
Topical term or geographic name entry element Genetics.
856 42 - ELECTRONIC LOCATION AND ACCESS
Materials specified Publisher description
Uniform Resource Identifier <a href="http://www.loc.gov/catdir/enhancements/fy0635/87007737-d.html">http://www.loc.gov/catdir/enhancements/fy0635/87007737-d.html</a>
856 41 - ELECTRONIC LOCATION AND ACCESS
Materials specified Table of contents only
Uniform Resource Identifier <a href="http://www.loc.gov/catdir/enhancements/fy0635/87007737-t.html">http://www.loc.gov/catdir/enhancements/fy0635/87007737-t.html</a>
942 ## - ADDED ENTRY ELEMENTS (KOHA)
Source of classification or shelving scheme Library of Congress Classification
Koha item type Books
Edition 4th ed.
Suppress in OPAC No
999 ## -
-- 2118
-- 2118
Holdings
Withdrawn status Lost status Source of classification or shelving scheme Damaged status Not for loan Collection Home library Current library Shelving location Date acquired Total checkouts Full call number Barcode Date last seen Copy number Price effective from Koha item type
    Library of Congress Classification     Non-fiction Science Library (Miotso) Science Library (Miotso) General stacks 12/12/2024   QH430 .R67 ROT SLM00001282 12/12/2024 1 12/12/2024 Books
© 2023-2024 Copyright: Central University Libraries. All Rights Reserved | Created by: Mahone Tech Office